期刊信息 |
| 索取号 |
B82-061/RDZHY
|
| 题名 |
人道主义、人性论、异化问题研究专辑
|
| 作者 |
中国人民大学书报资料社
|
| 分册号 |
|
| 分册名 |
|
| 出版地 |
北京
|
| 出版者 |
中国人民大学
|
| 标准刊号 |
|
| 出版频率 |
月刊
|
| 中图法分类 |
B82-061
|
| 主题词 |
伦理学
|
| 电子资源 | |
| |
|
| 000 | 00628nam0 2200181 450 | |
| 001 | 2439624816 | |
| 005 | 20241108110246.19 | |
| 100 | @a20241108d km y0chiy0120 ea | |
| 101 | 0 | @achi |
| 102 | @aCN@b110000 | |
| 200 | 1 | @a人道主义、人性论、异化问题研究专辑@ARen Dao Zhu Yi、Ren Xing Lun、Yi Hua Wen Ti Yan Jiu Zhuan Ji@f中国人民大学书报资料社@FZhong Guo Ren Min Da Xue Shu Bao Zi Liao She |
| 210 | @a北京@c中国人民大学 | |
| 326 | @a月刊 | |
| 606 | 0 | @a伦理学 |
| 690 | @aB82-061@v4 | |
| 711 | 02 | @a中国人民大学书报资料社@AZhong Guo Ren Min Da Xue Shu Bao Zi Liao She |
| 801 | 0 | @aCN@bNISOFT@c20241108 |
| 905 | @a10447@dB82-061@eRDZHY | |
| 人道主义、人性论、异化问题研究专辑/中国人民大学书报资料社.-北京:中国人民大学 |
| ● |
| 相关链接: |
|
|
|
|